Shakespeare Character or Italian City? Quiz Stats

Quiz Updated Mar 6, 2018

Challenge
Share
Tweet
Embed
Score 0/30 Timer 08:00
3 Plays Today
(S)hakespeare Character or % Correct
Romeo???
92.1%
Horatio???
91.7%
Pisa???
90%
Pericles???
89.2%
Florence???
88.9%
Proteus???
88.3%
Iago???
86.1%
Laertes???
85.7%
Alonso???
85.3%
Francisco???
82.9%
Orlando???
82.4%
Banquo???
82.1%
Salerno???
80.9%
Como???
79.5%
Lecce???
77.6%
(S)hakespeare Character or % Correct
Livorno???
77.3%
Messina???
77.2%
Monza???
76.5%
Terni???
76%
Catania???
75.2%
Rimini???
75.1%
Calpurnia???
70.4%
Udine???
68.1%
Lodovico???
66.8%
Taranto???
64.8%
Panthino???
59.6%
Prato???
55.2%
Feste???
54.1%
Andria???
46.5%
Montano???
46.5%

You're not logged in!

Compare scores with friends on all Sporcle quizzes.
Sign Up with Email
OR
Log In

You Might Also Like...

Show Comments

Extras

Top Quizzes Today


Score Distribution

Your Account Isn't Verified!

In order to create a playlist on Sporcle, you need to verify the email address you used during registration. Go to your Sporcle Settings to finish the process.

Report this User

Report this user for behavior that violates our Community Guidelines.

Details: